The study to change farmer livelihood of the FAO three targets villages in somrong district takeo province ការសិក្សាដើម្បីកែលំអជីវភាពកសិករនៅភូមិគោលដៅបី របស់អង្គការហ្វាវ​ ក្នុងស្រុកសំរោង ខេត្តតាកែវ (Record no. 795)

000 -LEADER
fixed length control field 00723nam a22001577a 4500
003 - CONTROL NUMBER IDENTIFIER
control field OSt
005 - DATE AND TIME OF LATEST TRANSACTION
control field 20150919094951.0
008 - FIXED-LENGTH DATA ELEMENTS--GENERAL INFORMATION
fixed length control field 150919b xxu||||| |||| 00| 0 eng d
040 ## - CATALOGING SOURCE
Transcribing agency RUA
082 ## - DEWEY DECIMAL CLASSIFICATION NUMBER
Classification number AGR HEM 2004 B031 Or.1
100 ## - MAIN ENTRY--PERSONAL NAME
9 (RLIN) 825
Personal name HEM, SINAN.
245 ## - TITLE STATEMENT
Title The study to change farmer livelihood of the FAO three targets villages in somrong district takeo province ការសិក្សាដើម្បីកែលំអជីវភាពកសិករនៅភូមិគោលដៅបី របស់អង្គការហ្វាវ​ ក្នុងស្រុកសំរោង ខេត្តតាកែវ
260 ## - PUBLICATION, DISTRIBUTION, ETC. (IMPRINT)
Place of publication, distribution, etc. Phnom Penh
Name of publisher, distributor, etc. RUA
Date of publication, distribution, etc. 2004
300 ## - PHYSICAL DESCRIPTION
Extent 61p.
Other physical details ill.
Dimensions 29cm.
942 ## - ADDED ENTRY ELEMENTS (KOHA)
Source of classification or shelving scheme
Koha item type AGR
Holdings
Price effective from Date last seen Permanent Location Not for loan Date acquired Source of classification or shelving scheme Koha item type Barcode Lost status Damaged status Shelving location Withdrawn status Current Location Full call number
2015-09-192015-09-19Library Block B 2015-09-19 AGRRUA008243  B031 Library Block BAGR HEM 2004 B031 Or.1
មជ្ឈមណ្ឌលឯការនៃសាកលវិទ្យាល័យភូមិន្ទកសិកម្មចំការដូង

Powered by Koha